000
00407nam a22001697a 4500
003
MPLRDC
005
20220104144406.0
008
210129b ||||| |||| 00| 0 eng d
082
_a
388.796 HMH
100
_a
黄美华、曲韵芳主编
245
_a
五步蛇
_c
250
_a
初版
260
_a
_b
科学出版社
_c
1983
300
_b
平
650
_a
爬虫类--蛇类
942
_c
BK
_o
388.796 HMH
999
_c
49170
_d
49160